000 00906nam a2200229Ii 4500
003 JO-AjNU
008 230605s9999||||xx |||||||||||||| ||und||
017 _a2004/6/1499
020 _a9957-11-506-5
040 _aJO-AjNU
_bara
_erda
_cJO-AjNU
041 _aara
050 1 4 _aHD30.15.Y86.2005
100 3 _a يونس، طارق شريف ,
_eauthor
_930276
245 0 0 _aمعجم مصطلحات العلوم الإدارية والمحاسبية والإنترنت: إنكليزي - عربي (مع مسرد عربى)
250 _aط1
264 3 1 _aعمان: دار وائل، 2005
300 _a128ص
_bيشتمل على مراجع ببلوغرافية ص(128)
336 _atext
_btxt
_2rdacontent
337 _aunmediated
_bn
_2rdamedia
338 _avolume
_bnc
_2rdacarrier
650 4 _aالإدارة -- مصطلحات -- الإنترنت -- معاجم -- الإدارة -- معاجم
_930277
999 _aA11983
_c15551
_d15551